| 000 | 00930nas a2200313 4500 | ||
|---|---|---|---|
| 001 | BR9202560 | ||
| 003 | BR-BrBNA | ||
| 005 | 20231205092519.0 | ||
| 007 | ta | ||
| 008 | 230509b bl.|||p| |||| 00| 00por d | ||
| 040 |
_aBR-BrBNA _bpor _cBiblioteca Nacional de Agricultura |
||
| 041 | _a(Pt) | ||
| 072 | _aL73 | ||
| 100 | 1 | _aKotait, I. | |
| 100 | 1 | _aPeixoto, Z.M.P. | |
| 100 | 1 | _aQueiroz, L.H. | |
| 100 | 1 | _aSouza, M.C.A.M. | |
| 100 | 1 | _aCunha, E.M.S. | |
| 100 | 1 | _aBersano, J.G. | |
| 100 | 1 | _aSilva, M. do R.P. da | |
| 245 | 1 | _aPesquisa do virus da doenca de Aujeszky em amigdalas de suinos normais encaminhados a matadouros | |
| 650 | _aSUÍNO | ||
| 650 | _aDOENCA ANIMAL | ||
| 650 | _aVIRUS | ||
| 650 | _aAMIGDALA | ||
| 773 | 0 |
_tRevista Brasileira de Medicina Veterinaria (Brazil) _xISSN 0100-2430 _g(1989), v. 11(1) p. 18-20 _wBR9202560 |
|
| 909 |
_a202311 _bLúcia _c55 _dLúcia Elande |
||
| 942 |
_2AGRIS _n0 _cANA |
||
| 999 |
_c132263 _d132263 |
||